000 003630000a22001570004500
001 000108
003 MACL
040 _aMACL
090 _c108
_d108
100 _aNemade, Bhalchandra
245 _aTukaram
_bMakers of indian literature
_cBhalchandra Nemade
260 _aSahitya Akademi,
_c1997
350 _a25
650 _aIndia Literature
942 _k891
_cBook
999 _c49415
_d49415